000 00834nam a2200253 i 4500
001 bg
100 1 _aBRZOZOWSKI, Władysław
245 1 0 _aZintegrowane systemy zarządzania /
_cWładysław Brzozowski, Katarzyna Kowalczyk, Michał Tomaszewski ; pod red. Zdzisława Kabzy.
260 _aOpole :
_bPO,
_c2002.
300 _a249 s. :
_bil. ;
_c24 cm.
490 1 _aSkrypt / Politechnika Opolska,
_x1427-9932 ;
_vnr 244
504 _aBibliogr.
650 9 _aZarządzanie
_xoprogramowanie
655 _aPodręczniki akademickie
700 1 _aKOWALCZYK, Katarzyna
700 1 _aTOMASZEWSKI, Michał
700 1 _aKABZA, Zdzisław.
_eRed.
830 0 _aSkrypt (Politechnika Opolska) ;
_vnr 244
040 _cBPK
041 0 _apol
080 _a65.012.4:004.4](075.8)
942 _cKS
008 s pl f |000 0 pol
999 _c42822
_d42822
856 _uhttp://koha.tu.koszalin.pl/cgi-bin/koha/opac-detail.pl?biblionumber=42822
_yKatalog online BPK